000 00667nam a2200181Ia 4500
008 100920s9999 xx 000 0 und d
082 _b98721
_a28 व 891,43 न 07
100 _aनेहा अग्रवाल.
245 _aहमारे प्रमुख पक्षी.
260 _bअर्पित प्रकाशन, इलाहाबाद.
_c2007
300 _a44
_bसाधी
365 _b30
520 _aबा.वि.हिंदी.
630 _aहमारे प्रमुख पक्षी.
650 _aबा.वि.हिंदी.
730 _aहमारे प्रमुख पक्षी.
942 _cBOOK
999 _c739159
_d739156